Les joueurs qui ont joué au Real Madrid et à Liverpool - Statistiques

Statistiques générales
  • Ce quiz a été pris 496 fois
    471 depuis la dernière actualisation
  • Le résultat moyen est 5 sur 10
Statistiques - réponses
Au Real/A Liverpool Joueur Position/Nationalité % Correct
Real Madrid : 2009-2014Liverpool : 2004-2009 Xabi Alonso Milieu/Espagne
87%
Real Madrid : 2012-2013Liverpool : 2018- Fabinho Milieu/Brésil
79%
Real Madrid : 2004-2005Liverpool : 1996-2004 Michael Owen Attaquant/Angleterre
73%
Real Madrid : 2007-2011Liverpool : 2001-2007 Jerzy Dudek Gardien/Pologne
60%
Real Madrid : 1999-2000Liverpool : 2001-2002 Nicolas Anelka Attaquant/France
53%
Real Madrid : 2004-2006,2009-2016Liverpool : 2007-2009 Álvaro Arbeloa Défenseur/Espagne
43%
Real Madrid : 2011-2012Liverpool : 2012-2013 Nuri Sahin Milieu/Turquie
39%
Real Madrid : 1997-2003,2004-2005Liverpool : 2005-2006 Fernando Morientes Attaquant/Espagne
34%
Real Madrid : 1999-2003Liverpool : 1990-1999 Steve McManaman Milieu/Angleterre
30%
Real Madrid : 2003-2004Liverpool : 2004-2005 Antonio Núñez Milieu/Espagne
4%
Aucun quiz correspondant
Distribution des résultats
% des personnes avec chaque résultat
Percentile par nombre de réponses
Votre historique - résultats
Vous n’avez pas pris ce quiz depuis la dernière actualisation